000 00666nam a2200241Ia 4500
001 8077
003 GE_BSU
008 181216s||||||||xx |||||||||||||| ||und||
040 _cGE_BSU
080 _a624.131.1(075.8)
100 _aКоломенский,Н.В.
245 _aСпециальная инженерная геологиа.
245 _bУчеб.
245 _cРед. науч. Н.В.Родионов.
250 _aИзд 2-ое.
260 _aМ.
260 _bНедра.
260 _c1969.
300 _a336стр.23см.
300 _eтабл.
653 _aСпециальная инженерная геологиа.
942 _cBK
999 _c41415
_d41415